Black imagination and the middle passage (Record no. 131076)
[ view plain ]
| 000 -LEADER | |
|---|---|
| fixed length control field | 00898nam a22002177a 4500 |
| 008 - FIXED-LENGTH DATA ELEMENTS--GENERAL INFORMATION | |
| fixed length control field | 211102b ||||| |||| 00| 0 eng d |
| 020 ## - INTERNATIONAL STANDARD BOOK NUMBER | |
| International Standard Book Number | 0195126416 |
| 050 ## - LIBRARY OF CONGRESS CALL NUMBER | |
| Classification number | PS153.N5 B554 1999 |
| 245 ## - TITLE STATEMENT | |
| Title | Black imagination and the middle passage |
| Statement of responsibility, etc | /edited by Maria Diedrich, Henry Louis Gates, Jr. and Carl Pedersen |
| 260 ## - PUBLICATION, DISTRIBUTION, ETC. (IMPRINT) | |
| Name of publisher, distributor, etc | New York: |
| Place of publication, distribution, etc | Oxford University Press, |
| Date of publication, distribution, etc | 1999. |
| 300 ## - PHYSICAL DESCRIPTION | |
| Extent | xvi, 320p.; |
| Dimensions | 23cm. |
| 650 ## - SUBJECT ADDED ENTRY--TOPICAL TERM | |
| Topical term or geographic name as entry element | American literature |
| General subdivision | Afro-American authors |
| -- | History and criticism |
| 9 (RLIN) | 50903 |
| 650 ## - SUBJECT ADDED ENTRY--TOPICAL TERM | |
| Topical term or geographic name as entry element | Slave-trade in literature |
| 9 (RLIN) | 50904 |
| 650 ## - SUBJECT ADDED ENTRY--TOPICAL TERM | |
| Topical term or geographic name as entry element | Caribbean literature( English) |
| General subdivision | Black authors |
| -- | History and criticism |
| 9 (RLIN) | 50905 |
| 650 ## - SUBJECT ADDED ENTRY--TOPICAL TERM | |
| Topical term or geographic name as entry element | Afro-Americans |
| General subdivision | Intellectual life |
| 9 (RLIN) | 50906 |
| 650 ## - SUBJECT ADDED ENTRY--TOPICAL TERM | |
| Topical term or geographic name as entry element | Afro-Americans in literature |
| 9 (RLIN) | 50907 |
| 650 ## - SUBJECT ADDED ENTRY--TOPICAL TERM | |
| Topical term or geographic name as entry element | Slaves in literature |
| 9 (RLIN) | 50908 |
| 650 ## - SUBJECT ADDED ENTRY--TOPICAL TERM | |
| Topical term or geographic name as entry element | Blacks in literature |
| 9 (RLIN) | 18698 |
| 650 ## - SUBJECT ADDED ENTRY--TOPICAL TERM | |
| Topical term or geographic name as entry element | Slave trade |
| General subdivision | History |
| 9 (RLIN) | 24553 |
| 942 ## - ADDED ENTRY ELEMENTS (KOHA) | |
| Source of classification or shelving scheme | Library of Congress Classification |
| Item type | Monograph ( Printed materials) |
| Withdrawn status | Lost status | Source of classification or shelving scheme | Damaged status | Not for loan | Collection code | Home library | Current library | Shelving location | Date acquired | Total Checkouts | Full call number | Barcode | Date last seen | Copy number | Price effective from | Koha item type |
|---|---|---|---|---|---|---|---|---|---|---|---|---|---|---|---|---|
| Library of Congress Classification | Main Collection | ARRUPE LIBRARY | ARRUPE LIBRARY | Main Collection | 02/11/2021 | PS153.N5 B554 1999 | 46600007730 | 02/11/2021 | 1 | 02/11/2021 | Monograph ( Printed materials) |